| 000 | 00989nam a2200301 i 4500 | ||
|---|---|---|---|
| 001 | bg | ||
| 003 | KOSZ 005 | ||
| 005 | 20200402141724.0 | ||
| 008 | 170607s1997 pl g 000 0 pol | ||
| 015 | _aPB 1997/8188 | ||
| 020 | _a832042111X | ||
| 040 |
_aWA N _cKOSZ 005/RW _dKOSZ 005/RW |
||
| 080 | _a655.41+801.731.23](03) | ||
| 100 | 1 | _aKalisz, Barbara. | |
| 245 | 1 | 0 |
_aSłownik wydawcy / _coprac. Barbara Kalisz. |
| 260 |
_aWarszawa : _bWydawnictwa Naukowo-Techniczne, _c1997. |
||
| 300 |
_a238, [2] s. ; _c20 cm. |
||
| 336 |
_aTekst _btxt _2rdacontent |
||
| 337 |
_aBez urządzenia pośredniczącego _bn _2rdamedia |
||
| 338 |
_aWolumin _bnc _2rdacarrier |
||
| 380 | _aKsiążki. | ||
| 655 | 4 | _aEncyklopedia | |
| 650 | 4 | _aDrukarstwo | |
| 650 | 4 | _aEdytorstwo | |
| 710 | 2 |
_aWydawnictwa Naukowo-Techniczne _4pbl. |
|
| 856 |
_uhttp://koha.tu.koszalin.pl/cgi-bin/koha/opac-detail.pl?biblionumber=31855 _yKatalog online BPK |
||
| 942 |
_2UKD _cKS |
||
| 999 |
_c31855 _d31855 |
||